000 00441nam a2200181Ia 4500
001 415
005 20260306140516.0
008 260306t2020||||xx |||||||||||||| ||spa||
041 _aESP
082 _a111.6
_bL54
100 _aLevinas, Emmanuel
_eAUT
245 0 _aTotalidad e infinito :
_bensayo sobre la exterioridad
260 _c2020
300 _a351 páginas :
_c22 cm.
650 _aGEN
654 _aCHU
942 _cLIB
_dJUS
_fJUS
_2ddc
_n
999 _c415
_d415